Comparative study of stress corrosion cracking of Aluminum alloys 7075 T-6 and 7075 T-73 (Record no. 322885)

000 -LEADER
fixed length control field 00413 a2200133 4500
001 - CONTROL NUMBER
control field 87812
082 ## - DEWEY DECIMAL CLASSIFICATION NUMBER
Classification number PR 189
090 ## - LOCALLY ASSIGNED LC-TYPE CALL NUMBER (OCLC); LOCAL CALL NUMBER (RLIN)
-- 41274
-- 41274
100 ## - MAIN ENTRY--PERSONAL NAME
Personal name Usman Yousaf, Plt Off 15659 71 EC
245 ## - TITLE STATEMENT
Title Comparative study of stress corrosion cracking of Aluminum alloys 7075 T-6 and 7075 T-73
260 ## - PUBLICATION, DISTRIBUTION, ETC.
Place of publication, distribution, etc. Risalpur
Name of publisher, distributor, etc. NUST Risalpur
Date of publication, distribution, etc. 2011
300 ## - PHYSICAL DESCRIPTION
Extent x, 60p.
Accompanying material Shakeel Safdar, Wg Cdr
500 ## - GENERAL NOTE
General note BE Project Reports
942 ## - ADDED ENTRY ELEMENTS (KOHA)
Institution code [OBSOLETE] CAE NUST
Call number prefix PR 189
Holdings
Withdrawn status Lost status Damaged status Not for loan Collection code Permanent Location Current Location Date acquired Total Checkouts Full call number Barcode Date last seen Price effective from Koha item type
          College of Aeronautical Engineering (CAE) College of Aeronautical Engineering (CAE) 04/03/2017   PR 189 CAEPR-189 04/05/2017 04/05/2017 Book
© 2023 Central Library, National University of Sciences and Technology. All Rights Reserved.